La protección efectiva en Chile

Guardat en:
Dades bibliogràfiques
Autor principal: Cuadra, Sergio de la (Autor)
Format: Llibre
Idioma:espanyol
Publicat: Santiago Pontificia Universidad Católica de Chile 1974
Col·lecció:Documento de Trabajo, 22
Matèries:
Etiquetes: Afegir etiqueta
Sense etiquetes, Sigues el primer a etiquetar aquest registre!

MARC

LEADER 00000nam a2200000 a 4500
001 UCR8636
003 CL-VaPUC
008 980529e19740000CL |||||||||||||||||spa|d
082 0 4 |a 337.83  |b CUA  |2 21 
100 0 |a Cuadra, Sergio de la  |e author  |9 410626 
245 1 3 |a La protección efectiva en Chile 
300 |a 87 p 
942 |c BK 
945 |d 19980529 00:00:00  |a crobeson 
260 |a Santiago  |b Pontificia Universidad Católica de Chile  |c 1974 
650 7 |a PROTECCION ECONOMICA  |2 CL-VaPUC  |9 410627 
650 7 |a IMPORTACIONES  |2 CL-VaPUC  |9 359079 
650 0 |a Política económica   |9 255029 
650 7 |a ECONOMICA INTERNACIONAL  |2 CL-VaPUC  |9 410628 
650 0 |a Comercio exterior  |9 257617 
651 7 |a CHILE  |2 CL-VaPUC  |9 410629 
583 |a last modification  |c 19980529 00:00:00  |k Rodrigo Vera 
490 0 |a Documento de Trabajo, 22 
999 |c 270032  |d 270030 
952 |0 0  |1 0  |4 0  |6 337_830000000000000_CUA_1974  |7 0  |8 A  |9 304138  |a BIBENE  |b BIBENE  |d 2019-11-20  |i 1403702  |o 337.83 CUA 1974  |p 1403702  |r 2025-01-15  |w 2019-11-20  |y BK  |k ICO